Les buteurs du FC Porto saison 23/24 - Statistiques

Statistiques générales
  • Ce quiz a été pris 106 fois
  • Le résultat moyen est 11 sur 17
Statistiques - réponses
BUT Poste Réponse % Correct
7 Attaquant Pepê
94%
3 Défenseur Pepe
94%
10 Attaquant Taremi
88%
16 Attaquant Galeno
87%
25 Attaquant Evanilson
83%
7 Attaquant francisco Conceiçao
72%
3 Milieu Eustaquio
70%
2 Défenseur João Mário
70%
4 Attaquant Toni martínez
67%
2 Milieu Nico González
63%
2 Milieu Varela
63%
4 Défenseur Wendell
63%
2 Défenseur Iván Marcano
62%
1 Défenseur Fábio Cardoso
43%
1 Attaquant Loader
41%
1 Milieu Iván Jaime
37%
1 Défenseur Sanusi
17%
Aucun quiz correspondant
Distribution des résultats
% des personnes avec chaque résultat
Percentile par nombre de réponses
Votre historique - résultats
Vous n’avez pas pris ce quiz